000 00302nam a22001337a 4500
008 181217b xxu||||| |||| 00| 0 eng d
020 _a9780812923735
041 _aeng
080 _23rd
_a038
100 _a23
101 _aFJA
245 _aCrossword Puzzle Dictionary
_cPulliam, T
942 _2udc
_cBK
999 _c53257
_d53257